Szczegóły MARC21

Wspólnik i akcjonariusz w procesach restrukturyzacyjnych spółek handlowych /

003 -Nazwa inst., której nr kontr. jest w polu 001 [,]
    • @
    • Nazwa instytucji, której n kontrolny jest w polu 001
    • NUKAT
005 -DATA I CZAS OSTATNIEJ MODYFIKACJI [,]
    • @
    • pole kontrolne
    • 20241231110653.0
020 -Międzynarod. znormalizowany nr książki - ISBN [ , ]
    • a
    • Numer ISBN
    • 8389073897 Find
040 -Instytucja sporządzająca opis [ , ]
    • a
    • Instytucja, która sporządziła opis (NP)
    • KR U/16MS
    • c
    • Instytucja, która sporządziła rekord (NP)
    • KR U/16MS
    • d
    • Instytucja, która zmodyfikowała rekord (P)
    • KR U/16MS
    • d
    • Instytucja, która zmodyfikowała rekord (P)
    • WA N/PBza
    • d
    • Instytucja, która zmodyfikowała rekord (P)
    • WA N/PBmas
942 -Rodzaj dokumentu [ , ]
    • c
    • Rodzaj dokumentu
    • Książka
100 -Hasło główne - nazwa osobowa [1, ]
    • a
    • Nazwa osobowa (NP)
    • Witosz, Antoni
    • d
    • Daty biograficzne (NP)
    • (1948-2015).
    • 9
    • KHW
    • 26
245 -Strefa tytułu i oznaczenia odpowiedzialności [1,0]
    • a
    • Tytuł
    • Wspólnik i akcjonariusz w procesach restrukturyzacyjnych spółek handlowych / Find
    • c
    • Pozostałe elementy strefy tytułu i oznaczenia odpowiedzialności (NP)
    • Antoni Witosz.
260 -Strefa adresu wydawniczego [ , ]
    • a
    • Miejsce wydania (P)
    • Katowice ;
    • a
    • Miejsce wydania (P)
    • Bydgoszcz :
    • b
    • Nazwa wydawcy (P)
    • Branta,
    • c
    • Data wydania (P)
    • 2005.
300 -Strefa opisu fizycznego [ , ]
    • a
    • Określenie formy książki i/lub objętość (NP)
    • 316 s. ;
    • c
    • Format (NP)
    • 21 cm.
336 -Typ zawartości [ , ]
    • a
    • Termin opisujący typ zawartości
    • Tekst
    • b
    • Kod określający zawartość
    • txt
    • 2
    • Źródło (terminu i kodu)
    • rdacontent
337 -Typ mediów [ , ]
    • a
    • Tryb odtwarzania
    • Bez urządzenia pośredniczącego
    • b
    • Kod typu mediów
    • n
    • 2
    • Źródło (terminu i kodu)
    • rdamedia
338 -Typ/rodzaj nośnika [ , ]
    • a
    • Hasło opisujące typ nośnika
    • Wolumin
    • b
    • Kod typu nośnika
    • nc
    • 2
    • Źródło (terminu i kodu)
    • rdacarrier
504 -Uwaga dot. bibliogr. załącznikowej [ , ]
    • a
    • Uwaga dot. bibliografii załącznikowej
    • Bibliogr. s. 293-316.
080 -Uniwersalna Klasyfikacja Dziesiętna [ , ]
    • a
    • Symbol klasyfikacji
    • 347.725(438)"1990/..."
080 -Uniwersalna Klasyfikacja Dziesiętna [ , ]
    • a
    • Symbol klasyfikacji
    • :658.114.25(438)"1990/..."
650 -Hasło przedmiotowe [ ,7]
    • a
    • Hasło przedmiotowe
    • Akcjonariusze
    • x
    • Określnik rzeczowy
    • status prawny
    • z
    • Określnik geograficzny
    • Polska.
    • 2
    • Źródło terminu
    • kaba
    • 9
    • KHW
    • 392265
650 -Hasło przedmiotowe [ ,7]
    • a
    • Hasło przedmiotowe
    • Spółki
    • x
    • Określnik rzeczowy
    • prawo
    • z
    • Określnik geograficzny
    • Polska
    • y
    • Określnik chronologiczny
    • 1990-.
    • 2
    • Źródło terminu
    • kaba
    • 9
    • KHW
    • 363256
650 -Hasło przedmiotowe [ ,7]
    • a
    • Hasło przedmiotowe
    • Spółki handlowe
    • x
    • Określnik rzeczowy
    • reorganizacja
    • z
    • Określnik geograficzny
    • Polska
    • y
    • Określnik chronologiczny
    • 1990-.
    • 2
    • Źródło terminu
    • kaba
    • 9
    • KHW
    • 392264
650 -Hasło przedmiotowe [ ,7]
    • a
    • Hasło przedmiotowe
    • Organizacja
    • 2
    • Źródło terminu
    • DBN
    • 9
    • KHW
    • 722344
650 -Hasło przedmiotowe [ ,7]
    • a
    • Hasło przedmiotowe
    • Spółki handlowe
    • 2
    • Źródło terminu
    • DBN
    • 9
    • KHW
    • 744488
651 -Hasło przedmiotowe w formie nazwy geograficznej [ ,7]
    • a
    • Nazwa geograficzna
    • Polska
    • 2
    • Źródło terminu
    • DBN
    • 9
    • KHW
    • 721438
658 -Ujęcie treści [ , ]
    • a
    • dziedzina nauki i sztuki/ sfera aktywności życiowej
    • Gospodarka, ekonomia, finanse
980 -Symbol UKD [ , ]
    • a
    • UKD
    • 347.725:658.114.25](438)"1990/..."
710 -Hasło dodatkowe - nazwa ciała zbiorowego [2, ]
    • a
    • Nazwa ciała zbiorowego lub nazwa geograficzna jako pierwszy element (NP)
    • Oficyna Wydawnicza Branta.
    • 4
    • Kod relacji
    • pbl
    • 9
    • KHW
    • 76902
920 -ISBN [ , ]
    • a
    • ISBN
    • 83-89073-89-7 Find
Sygnatura Numer inwentarzowy Status udost. Lokalizacja Data inwentaryzacji
 E.69961-6BE2006-02-01
 S.93386-2BE2009-04-02
SA.13693SA.136931BSA2006-02-01